53 Stations of the Tokaido - Statistics

General Stats
  • This quiz has been taken 33 times
  • The average score is 23 of 53
Answers on the Map
Answers color-coded by a green-red scale on the quiz's map according to % correct below.
 
Answer Stats
# Station % Correct
2 Kawasaki
87%
1 Shinagawa
83%
9 Odawara
80%
29 Hamamatsu
73%
3 Kanagawa
70%
10 Hakone
67%
5 Totsuka
67%
7 Hiratsuka
63%
26 Kakegawa
63%
11 Mishima
63%
12 Numazu
63%
4 Hodogaya
60%
53 Otsu
57%
43 Yokkaichi
57%
6 Fujisawa
53%
52 Kusatsu
53%
42 Kuwana
53%
8 Oiso
53%
38 Okazaki
50%
23 Shimada
47%
14 Yoshiwara
47%
27 Fukuroi
43%
13 Hara
43%
46 Kameyama
43%
24 Kanaya
43%
15 Kanbara
43%
17 Okitsu
43%
16 Yui
43%
31 Arai
40%
22 Fujieda
40%
30 Maisaka
40%
47 Seki
37%
39 Chiryu
33%
33 Futagawa
33%
50 Minakuchi
33%
18 Ejiri
30%
51 Ishibe
30%
49 Tsuchiyama
30%
34 Yoshida
30%
19 Fuchu
27%
37 Fujikawa
27%
35 Goyu
27%
44 Ishiyakushi
27%
41 Miya
27%
40 Narumi
27%
36 Akasaka
23%
20 Mariko
23%
21 Okabe
23%
25 Nissaka
20%
48 Sakashita
20%
45 Shono
20%
32 Shirasuka
17%
28 Mitsuke
13%
No matching quizzes found
Score Distribution
Percent of People with Each Score
Percentile by Number Answered
Your Score History
You have not taken this quiz